| 000 | 00445nam a2200205Ia 4500 | ||
|---|---|---|---|
| 001 | 13433 | ||
| 003 | GE_BSU | ||
| 008 | 181216s||||||||xx |||||||||||||| ||und|| | ||
| 040 | _cGE_BSU | ||
| 080 | _a821.111-3 | ||
| 100 | _aThompson,Flora | ||
| 245 | _aLark rise candleford | ||
| 245 | 2 | _bA Trilogy | |
| 260 | _aLondon | ||
| 260 | _bPenguin Books | ||
| 260 | _c1974 | ||
| 300 | _a538p.17cm. | ||
| 653 | _aLark rise candleford | ||
| 942 | _cBK | ||
| 999 |
_c46593 _d46593 |
||